Embrujo y riesgo de las Bellas Artes : (Record no. 128334)

MARC details
000 -LEADER
campo de control de longitud fija 01189nam a2200253 i 4500
001 - NÚMERO DE CONTROL
campo de control 128334
003 - IDENTIFICADOR DE NÚMERO DE CONTROL
campo de control ES-MaACL
005 - FECHA Y HORA DE LA ÚLTIMA TRANSACCIÓN
campo de control 20240219212804.0
007 - CAMPO FIJO DE DESCRIPCIÓN FÍSICA--INFORMACIÓN GENERAL
campo de control de longitud fija t|
008 - DATOS DE LONGITUD FIJA--INFORMACIÓN GENERAL
campo de control de longitud fija 070702s1952 sp f |||| | spa d
080 ## - NÚMERO DE LA CLASIFICACIÓN DECIMAL UNIVERSAL
Número de la Clasificación Decimal Universal 821.134.2 Cervantes Saavedra, Miguel de 7 Quijote (0:76)
080 ## - NÚMERO DE LA CLASIFICACIÓN DECIMAL UNIVERSAL
Número de la Clasificación Decimal Universal 012 Miquel y Planas, R.
100 1# - ENTRADA PRINCIPAL--NOMBRE DE PERSONA
Nombre de persona Sedó Peris-Mencheta, Juan (
Fechas asociadas al nombre 1908-1966)
9 (RLIN) 105075
245 10 - MENCIÓN DEL TÍTULO
Título Embrujo y riesgo de las Bellas Artes :
Resto del título discurso leído el día 24 de noviembre de 1952 en la recepción pública de Don Juan Sedó Péris- Mencheta, y la contestación del académico de número Don Pedro Benavente de Barberá.
260 ## - PUBLICACIÓN, DISTRIBUCIÓN, ETC.
Lugar de publicación, distribución, etc. Barcelona :
Nombre del editor, distribuidor, etc. [s.n.],
Fecha de publicación, distribución, etc. 1952 (
Fabricante Tall. de Enrique Tobella)
300 ## - DESCRIPCIÓN FÍSICA
Extensión 36 p., 11 h., LIV h. de lám., 1 h. de lám. ;
Dimensiones 27 cm.
500 ## - NOTA GENERAL
Nota general Precede al tít.: Real Academia de Bellas Artes de San Jorge.
600 17 - PUNTO DE ACCESO ADICIONAL DE MATERIA--NOMBRE DE PERSONA
Nombre de persona Cervantes Saavedra, Miguel de,
Fechas asociadas al nombre 1547-1616.
Título de la obra Don Quijote de la Mancha-
Subdivisión de forma Ilustraciones
Fuente del encabezamiento o término
9 (RLIN) 158871
600 14 - PUNTO DE ACCESO ADICIONAL DE MATERIA--NOMBRE DE PERSONA
Nombre de persona Miquel y Planas, R.,
Fechas asociadas al nombre 1874-1950
9 (RLIN) 175773
700 1# - ENTRADA AGREGADA--NOMBRE PERSONAL
Nombre de persona Benavent, Pere.
9 (RLIN) 27438
710 2# - ENTRADA AGREGADA--NOMBRE DE ENTIDAD CORPORATIVA
Nombre de entidad corporativa o nombre de jurisdicción como elemento de entrada Real Academia de Bellas Artes de San Jorge.
9 (RLIN) 6294
852 4# - LOCALIZACIÓN
Ubicación ES-MaACL
Número de control de estantería C-27308
Holdings
Estatus retirado Estado de pérdida Estado de daño No para préstamo Biblioteca de origen Biblioteca actual Ubicación en estantería Fecha de adquisición Fuente de adquisición Total de préstamos Signatura topográfica completa Código de barras Visto por última vez Precio de reemplazo Tipo de ítem Koha
        Biblioteca del Ateneo de Madrid Biblioteca del Ateneo de Madrid Depósito 2 17/01/2008     C-27308 1133662 23/02/2023 23/02/2023 Libro impreso